000 00505nam a2200157 i 4500
001 141624
003 ES-MaACL
007 t|
008 070926s1954 sp ||||1| spa d
100 1 _aVilloria Barahona, Arsenio.
_9115274
245 1 0 _aAlemán técnico
_b: ejercicios de terminología química /
_cpor A. Villoria Barahona.
260 _aSalamanca :
_bs.n.,
_c1954 (
_fImp. Núñez)
300 _a93 p. ;
_c22 cm.
650 1 4 _aQuímica-
_vDiccionarios.
_916626
852 _aES-MaACL
_jC-9583
_bR.36616
999 _c141624
_d141624